[Event "18th CRO-chT(b)"]
[Site "Sibenik CRO"]
[Date "2009.09.22"]
[Round "2.12"]
[White "Filipovic, Branko"]
[Black "Skoberne, Jure"]
[Result "1/2-1/2"]
[WhiteElo "2444"]
[BlackElo "2499"]
[PlyCount "107"]
[EventDate "2009.09.21"]
[EventType "team"]
[EventRounds "9"]
[EventCountry "CRO"]

1. e4 d6 2. d4 Nf6 3. Nc3 g6 4. f4 Bg7 5. Nf3 O-O 6. e5 Nfd7 7. Bc4 Nb6 8. Bb3
Nc6 9. Ne4 Na5 10. O-O Nxb3 11. axb3 f6 12. exf6 exf6 13. Ng3 f5 14. d5 c6 15.
dxc6 bxc6 16. Ne2 Re8 17. Nc3 d5 18. Re1 Bb7 19. Rxe8+ Qxe8 20. Na4 Qe7 21. Qe1
Qxe1+ 22. Nxe1 Bd4+ 23. Kf1 Ba6+ 24. Nd3 Nd7 25. Bd2 Kf7 26. Bc3 Be3 27. g3 d4
28. Bb4 Bxd3+ 29. cxd3 Rb8 30. Bc5 Rxb3 31. Ra3 Rxa3 32. Bxa3 Ke6 33. Ke2 Kd5
34. b3 g5 35. fxg5 Bxg5 36. Bb4 Ne5 37. Bc5 a6 38. Bb4 Bd8 39. Bd2 c5 40. Bf4
Nc6 41. Bd2 Ne5 42. Bf4 Ng6 43. Bd2 h5 44. Nb2 Bc7 45. Nc4 Ne5 46. Bf4 Nxc4 47.
dxc4+ Ke6 48. Bd2 a5 49. Kf3 Kd7 50. Be1 Ke6 51. Bd2 Kf6 52. Bh6 Bd6 53. Bd2
Bc7 54. Bh6 1/2-1/2

[Event "18th CRO-chT(b)"]
[Site "Sibenik CRO"]
[Date "2009.09.22"]
[Round "2.13"]
[White "Medak, Bojan"]
[Black "Viskic, Pavisa"]
[Result "0-1"]
[WhiteElo "2359"]
[BlackElo "2220"]
[PlyCount "72"]
[EventDate "2009.09.21"]
[EventType "team"]
[EventRounds "9"]
[EventCountry "CRO"]

1. c4 c5 2. Nf3 Nc6 3. Nc3 g6 4. e3 Nf6 5. d4 Bg7 6. Be2 O-O 7. O-O d6 8. b3
cxd4 9. exd4 d5 10. Re1 Ne4 11. Bb2 Nxc3 12. Bxc3 e6 13. c5 b6 14. b4 bxc5 15.
bxc5 Qc7 16. Rb1 Bd7 17. Qd2 Rfb8 18. h4 h5 19. Bb5 Qd8 20. Rb3 a6 21. Bxc6
Bxc6 22. Ba5 Qe8 23. Bb6 Rc8 24. Qf4 Rab8 25. Ng5 Ba4 26. Rbe3 Rb7 27. g4 hxg4
28. Qxg4 Bc2 29. h5 gxh5 30. Qf4 Bg6 31. Rg3 Re7 32. Kh2 e5 33. dxe5 Rxe5 34.
Reg1 Rf5 35. Qh4 Be5 36. Kh3 Rf4 0-1

[Event "18th CRO-chT(b)"]
[Site "Sibenik CRO"]
[Date "2009.09.22"]
[Round "2.14"]
[White "Grgurevic, Boris"]
[Black "Tomerlin, Sinisa"]
[Result "0-1"]
[WhiteElo "2228"]
[BlackElo "2313"]
[PlyCount "162"]
[EventDate "2009.09.21"]
[EventType "team"]
[EventRounds "9"]
[EventCountry "CRO"]

1. e4 c6 2. d4 g6 3. Nf3 Bg7 4. Be2 Nf6 5. e5 Nd5 6. c4 Nc7 7. Nc3 d5 8. exd6
Qxd6 9. O-O Bf5 10. Be3 Nba6 11. a3 O-O 12. Qd2 Rfd8 13. Rad1 Ne6 14. h3 h5 15.
Rfe1 Nac7 16. Bf1 a6 17. Qc1 b5 18. d5 cxd5 19. Nxd5 Nxd5 20. cxd5 Rdc8 21. Qd2
Rc2 22. Qb4 Nd8 23. Nd4 Qxb4 24. axb4 Rxb2 25. Nxf5 gxf5 26. Bc5 e6 27. Bd3 Bc3
28. Re2 Rc8 29. Rxb2 Bxb2 30. Be2 h4 31. Bf3 e5 32. Rd2 Bc3 33. Rd3 Bxb4 34.
Bxb4 e4 35. Re3 exf3 36. Rxf3 Rc1+ 37. Kh2 Rc4 38. Be7 Nb7 39. Rxf5 b4 40. Rg5+
Kh7 41. Rh5+ Kg6 42. Rg5+ Kh6 43. Rf5 Re4 44. Rxf7 Kg6 45. Rf6+ Kg7 46. Rxa6
Rxe7 47. Rb6 b3 48. Rxb3 Nd6 49. Rb6 Nf5 50. Rc6 Re2 51. Kg1 Rd2 52. Rc5 Kf6
53. Ra5 Nd6 54. Ra4 Nf5 55. Ra5 Kg5 56. Rb5 Kf4 57. Ra5 Nd6 58. Ra4+ Ne4 59.
g3+ hxg3 60. fxg3+ Kxg3 61. Ra3+ Kf4 62. Rb3 Rxd5 63. Rb7 Rd3 64. Kh2 Ng5 65.
Rb4+ Kf3 66. Rb2 Ne4 67. Ra2 Ng3 68. Rb2 Nf1+ 69. Kg1 Ne3 70. Kh2 Rd1 71. Rb3
Rd2+ 72. Kg1 Re2 73. h4 Kg3 74. Rb1 Kh3 75. Rb3 Rg2+ 76. Kh1 Rg3 77. h5 Rf3 78.
Rb1 Nf5 79. h6 Ng3+ 80. Kg1 Ne2+ 81. Kh1 Rf2 0-1

[Event "18th CRO-chT(b)"]
[Site "Sibenik CRO"]
[Date "2009.09.22"]
[Round "2.15"]
[White "Sasvari, Zelimir"]
[Black "Vlaic, Branko"]
[Result "0-1"]
[WhiteElo "2239"]
[BlackElo "2277"]
[PlyCount "144"]
[EventDate "2009.09.21"]
[EventType "team"]
[EventRounds "9"]
[EventCountry "CRO"]

1. c4 b6 2. b3 e5 3. Bb2 Nc6 4. g3 Bb7 5. Bg2 d6 6. d3 Nge7 7. Nc3 g6 8. e3 Bg7
9. Nge2 O-O 10. O-O Qd7 11. Qd2 Nd8 12. Nd5 c6 13. Nxe7+ Qxe7 14. d4 e4 15. a4
a5 16. b4 f5 17. bxa5 Rxa5 18. Bc3 Ra6 19. Rfb1 Nf7 20. a5 bxa5 21. Rxa5 Rfa8
22. Rba1 Rxa5 23. Rxa5 Rxa5 24. Bxa5 Ba6 25. Qc2 Qe6 26. c5 dxc5 27. dxc5 Bd3
28. Nf4 Qe5 29. Qc1 Bb5 30. Bf1 Bxf1 31. Kxf1 g5 32. Ne2 Qd5 33. Kg2 Bf8 34.
Bb6 Ne5 35. Nd4 f4 36. gxf4 gxf4 37. Kh1 Nd3 38. Qg1+ Kh8 39. h4 Bxc5 40. Bxc5
Qxc5 41. Qa1 Kg8 42. Qa8+ Kf7 43. Qxc6 Qxc6 44. Nxc6 Nxf2+ 45. Kg2 fxe3 46. Nd4
Kf6 47. Kg3 Ke5 48. Ne2 h5 49. Kg2 Ng4 50. Kg3 Nh6 51. Kg2 Nf5 52. Kf1 Nxh4 53.
Ng3 Kf4 54. Ne2+ Kg4 55. Nc3 Kf3 56. Ne2 Nf5 57. Ng1+ Kg3 58. Ne2+ Kh2 59. Nf4
Ng3+ 60. Ke1 Kg1 61. Nd5 e2 62. Nf4 h4 63. Nh3+ Kg2 64. Nf4+ Kf3 65. Nh3 Ke3
66. Ng1 Kd3 67. Nh3 Nf5 68. Nf4+ Ke3 69. Nxe2 h3 70. Nc3 h2 71. Nd1+ Kf3 72.
Nf2 Ng3 0-1

[Event "18th CRO-chT(b)"]
[Site "Sibenik CRO"]
[Date "2009.09.22"]
[Round "2.16"]
[White "Malenica, Mario"]
[Black "Dulic, Grgur"]
[Result "1-0"]
[WhiteElo "2223"]
[BlackElo "2209"]
[PlyCount "84"]
[EventDate "2009.09.21"]
[EventType "team"]
[EventRounds "9"]
[EventCountry "CRO"]

1. d4 Nf6 2. c4 g6 3. Nc3 d5 4. cxd5 Nxd5 5. g3 Bg7 6. Bg2 Nb6 7. Nf3 O-O 8.
O-O Nc6 9. Bf4 Bg4 10. d5 Bxf3 11. Bxf3 Ne5 12. Bg2 Rc8 13. Qb3 c5 14. Rfd1 Qd7
15. Rac1 Nbc4 16. Qc2 Nd6 17. Ne4 b6 18. Ng5 c4 19. Bh3 f5 20. Ne6 Bh8 21. Nxf8
Rxf8 22. Bxe5 Bxe5 23. e4 b5 24. f4 Bg7 25. e5 Nc8 26. a4 a6 27. axb5 axb5 28.
Qf2 Qc7 29. b3 Nb6 30. bxc4 Nxc4 31. Bf1 Rc8 32. Bxc4 bxc4 33. Qd4 g5 34. Rc2
gxf4 35. gxf4 Kh8 36. Rdc1 Rg8 37. Rg2 Rc8 38. Kh1 c3 39. Rxg7 Kxg7 40. e6+ Kh6
41. Rg1 Kh5 42. Rg5+ Kh4 1-0

[Event "18th CRO-chT(b)"]
[Site "Sibenik CRO"]
[Date "2009.09.22"]
[Round "2.22"]
[White "Varga, Zoltan"]
[Black "Rogulj, Branko"]
[Result "1/2-1/2"]
[WhiteElo "2481"]
[BlackElo "2453"]
[PlyCount "71"]
[EventDate "2009.09.21"]
[EventType "team"]
[EventRounds "9"]
[EventCountry "CRO"]

1. e4 Nf6 2. e5 Nd5 3. d4 d6 4. c4 Nb6 5. exd6 exd6 6. Nc3 Be7 7. Bd3 Nc6 8.
Nge2 O-O 9. O-O Bf6 10. Be3 Nb4 11. Ng3 Nxd3 12. Qxd3 d5 13. c5 Nc4 14. Bc1 g6
15. Re1 Be6 16. f4 Re8 17. Rf1 Bf5 18. Nxf5 gxf5 19. b3 Na5 20. Be3 Nc6 21. Bf2
Qd7 22. Rad1 Rad8 23. Rfe1 Re6 24. Re2 Ne7 25. Rde1 Ng6 26. g3 Ne7 27. b4 a6
28. Kf1 Nc6 29. a3 Re4 30. Nxe4 fxe4 31. Qd1 Qh3+ 32. Kg1 h5 33. Rd2 Ne7 34.
Qe2 Nf5 35. Rdd1 Kh7 36. Qf1 1/2-1/2

[Event "18th CRO-chT(b)"]
[Site "Sibenik CRO"]
[Date "2009.09.22"]
[Round "2.23"]
[White "Rezan, Sasa"]
[Black "Jurkovic, Ante"]
[Result "1-0"]
[WhiteElo "2431"]
[BlackElo "2336"]
[PlyCount "113"]
[EventDate "2009.09.21"]
[EventType "team"]
[EventRounds "9"]
[EventCountry "CRO"]

1. c4 g6 2. Nc3 Bg7 3. d4 d6 4. e4 e5 5. dxe5 dxe5 6. Qxd8+ Kxd8 7. Bg5+ f6 8.
Rd1+ Ke8 9. Nb5 Na6 10. Be3 Bh6 11. Bxh6 Nxh6 12. a3 Ke7 13. b4 Nf7 14. c5 Be6
15. Nf3 Rhd8 16. Rxd8 Nxd8 17. Kd2 Nf7 18. Nc3 c6 19. Bxa6 bxa6 20. Kc2 Rb8 21.
Nd2 Kd7 22. Nb3 Kc7 23. Rd1 Rd8 24. Rxd8 Nxd8 25. Na5 Bg8 26. Kd3 Ne6 27. Ne2
Nd8 28. g3 Be6 29. h4 Nb7 30. Nxb7 Kxb7 31. Kc3 Bg4 32. Ng1 Bd1 33. Kd2 Bg4 34.
f3 Be6 35. Kc3 Kc7 36. Ne2 Bh3 37. Kd2 a5 38. Ng1 Bf1 39. Ke1 axb4 40. axb4 Bc4
41. Kd2 Be6 42. Ne2 Kb7 43. Kc3 Bh3 44. Kd2 a5 45. bxa5 Ka6 46. g4 Kxa5 47. Ke1
h5 48. gxh5 gxh5 49. Ng3 Kb5 50. Nxh5 Kxc5 51. Nxf6 Kd6 52. Ng4 Ke6 53. h5 c5
54. h6 Kf7 55. Nxe5+ Kf6 56. Nd3 c4 57. Nf4 1-0

[Event "18th CRO-chT(b)"]
[Site "Sibenik CRO"]
[Date "2009.09.22"]
[Round "2.24"]
[White "Kaps, Darja"]
[Black "Sinanovic, Muhamed"]
[Result "0-1"]
[WhiteElo "2293"]
[BlackElo "2386"]
[PlyCount "56"]
[EventDate "2009.09.21"]
[EventType "team"]
[EventRounds "9"]
[EventCountry "CRO"]

1. e4 c5 2. Nf3 Nc6 3. d4 cxd4 4. Nxd4 g6 5. Nc3 Bg7 6. Nb3 Nf6 7. Be2 O-O 8.
O-O d6 9. Re1 b6 10. f4 Bb7 11. Bf3 Nd7 12. Nd5 a6 13. c3 b5 14. a4 e6 15. axb5
axb5 16. Rxa8 Bxa8 17. Nb4 Nxb4 18. cxb4 Nb6 19. Kh1 Nc4 20. Nd2 Nxb2 21. Qe2
Qb8 22. e5 Bxf3 23. gxf3 Na4 24. exd6 Nc3 25. Qd3 Rd8 26. Ne4 Nxe4 27. Qxe4
Qxd6 28. Be3 h5 0-1

[Event "18th CRO-chT(b)"]
[Site "Sibenik CRO"]
[Date "2009.09.22"]
[Round "2.25"]
[White "Paljusaj, Edmond"]
[Black "Juranic, Bruno"]
[Result "1-0"]
[WhiteElo "2288"]
[BlackElo "2249"]
[PlyCount "97"]
[EventDate "2009.09.21"]
[EventType "team"]
[EventRounds "9"]
[EventCountry "CRO"]

1. e4 c5 2. Nf3 a6 3. c4 e6 4. d4 cxd4 5. Nxd4 Nf6 6. Nc3 Qc7 7. a3 b6 8. Be3
Bb7 9. f3 d6 10. Be2 Be7 11. O-O Nbd7 12. Qd2 O-O 13. Rac1 Rac8 14. Kh1 Qb8 15.
b4 Ne5 16. Na4 Nfd7 17. Rc2 Rfe8 18. Rb1 h5 19. Qc1 h4 20. h3 Qa8 21. Bg5 Bxg5
22. Qxg5 Ng6 23. Rd2 Qa7 24. Nb3 d5 25. c5 Bc6 26. cxb6 Nxb6 27. Nac5 dxe4 28.
fxe4 Qa8 29. Rbd1 Bxe4 30. Nxe4 Qxe4 31. Nc5 Qf4 32. Qxf4 Nxf4 33. Bxa6 Ra8 34.
Rd6 Nbd5 35. b5 Rab8 36. a4 e5 37. R6xd5 Nxd5 38. Rxd5 e4 39. Kg1 e3 40. Kf1
Rb6 41. Nd3 e2+ 42. Ke1 Rf6 43. Re5 Kf8 44. Rxe8+ Kxe8 45. Kxe2 Kd8 46. a5 Rf5
47. Nb4 g5 48. Nc6+ Kd7 49. Bc8+ 1-0

[Event "18th CRO-chT(b)"]
[Site "Sibenik CRO"]
[Date "2009.09.22"]
[Round "2.26"]
[White "Brenc, Tomislav"]
[Black "Biliskov, Vjekoslav"]
[Result "0-1"]
[WhiteElo "2101"]
[BlackElo "2281"]
[PlyCount "62"]
[EventDate "2009.09.21"]
[EventType "team"]
[EventRounds "9"]
[EventCountry "CRO"]

1. e4 c5 2. Nf3 d6 3. d4 cxd4 4. Nxd4 Nf6 5. Nc3 Nc6 6. Be3 e5 7. Nxc6 bxc6 8.
Be2 Be7 9. O-O O-O 10. Kh1 d5 11. exd5 cxd5 12. Bf3 Be6 13. Bg5 e4 14. Be2 Rb8
15. Rb1 Qd7 16. Bf4 Rb7 17. a4 d4 18. Bb5 Qd8 19. Ne2 Bc5 20. b4 Bb6 21. Bc6
Re7 22. a5 Bc7 23. Bxc7 Qxc7 24. Nxd4 Rd8 25. c3 Ng4 26. g3 e3 27. fxe3 Nxe3
28. Qf3 Bg4 29. Qf2 Rxd4 30. cxd4 Qxc6+ 31. Kg1 Nxf1 0-1

[Event "18th CRO-chT(b)"]
[Site "Sibenik CRO"]
[Date "2009.09.22"]
[Round "2.31"]
[White "Ragger, Markus"]
[Black "Stevic, Hrvoje"]
[Result "1/2-1/2"]
[WhiteElo "2561"]
[BlackElo "2624"]
[PlyCount "49"]
[EventDate "2009.09.21"]
[EventType "team"]
[EventRounds "9"]
[EventCountry "CRO"]

1. e4 e5 2. Nf3 Nc6 3. Bb5 a6 4. Ba4 Nf6 5. O-O Be7 6. Re1 b5 7. Bb3 d6 8. c3
O-O 9. h3 Na5 10. Bc2 d5 11. d4 Nxe4 12. Nxe5 f6 13. Nd3 Bd6 14. Nd2 f5 15. Nf3
Nc4 16. Nfe5 Qh4 17. f3 Ng5 18. Re2 Nxe5 19. dxe5 Be7 20. Nf4 Bc5+ 21. Kh1 c6
22. Qe1 Qxe1+ 23. Rxe1 Ne6 24. b4 Bf2 25. Rf1 1/2-1/2

[Event "18th CRO-chT(b)"]
[Site "Sibenik CRO"]
[Date "2009.09.22"]
[Round "2.32"]
[White "Pinter, Jozsef"]
[Black "Bogut, Zeljko"]
[Result "1-0"]
[WhiteElo "2569"]
[BlackElo "2442"]
[PlyCount "77"]
[EventDate "2009.09.21"]
[EventType "team"]
[EventRounds "9"]
[EventCountry "CRO"]

1. d4 d5 2. c4 e6 3. Nc3 c5 4. e3 Nc6 5. Nf3 Nf6 6. a3 cxd4 7. exd4 dxc4 8.
Bxc4 Be7 9. O-O O-O 10. Bg5 a6 11. Qd3 b5 12. Ba2 Bb7 13. Rad1 Nd5 14. Bb1 g6
15. Bh6 Nxc3 16. Qxc3 b4 17. axb4 Bxb4 18. Qe3 Re8 19. Ng5 Qd7 20. Ne4 Be7 21.
Nc5 Bxc5 22. dxc5 Qe7 23. Rd6 Rad8 24. Rfd1 e5 25. Bc2 Rxd6 26. cxd6 Qe6 27.
Qb6 Qd7 28. Ba4 Rc8 29. h3 Rb8 30. Qc7 Rd8 31. Rc1 Qxd6 32. Qxb7 Nd4 33. Kh1
Nf5 34. Bg5 Rb8 35. Rc8+ Rxc8 36. Qxc8+ Kg7 37. Qc6 Qb4 38. Bf6+ Kh6 39. Qc1+
1-0

[Event "18th CRO-chT(b)"]
[Site "Sibenik CRO"]
[Date "2009.09.22"]
[Round "2.33"]
[White "Jusic, Zdenko"]
[Black "Kovacevic, Aleksandar"]
[Result "0-1"]
[WhiteElo "2371"]
[BlackElo "2562"]
[PlyCount "72"]
[EventDate "2009.09.21"]
[EventType "team"]
[EventRounds "9"]
[EventCountry "CRO"]

1. e4 c5 2. Nf3 d6 3. c3 Nf6 4. Bd3 Nc6 5. h3 d5 6. e5 Nd7 7. Bb5 Qa5 8. Na3 c4
9. d4 cxd3 10. O-O e6 11. b4 Qc7 12. Bf4 a6 13. Ba4 b5 14. Bb3 Ncxe5 15. Nxe5
Nxe5 16. Bxd5 Ra7 17. c4 Bxb4 18. cxb5 exd5 19. Rc1 Qd8 20. Qa4 Bd6 21. b6+ Rd7
22. Bxe5 Bxe5 23. Rce1 f6 24. f4 Qxb6+ 25. Kh1 d2 26. Re2 O-O 27. fxe5 fxe5 28.
Rxf8+ Kxf8 29. Rxd2 Rd8 30. Qh4 Kg8 31. Qe7 Qf6 32. Qc7 Bf5 33. Rf2 Rc8 34. Qb7
Qe6 35. Kh2 h6 36. g4 Bg6 0-1

[Event "18th CRO-chT(b)"]
[Site "Sibenik CRO"]
[Date "2009.09.22"]
[Round "2.35"]
[White "Brnas, Augustin"]
[Black "Krstic, Uros"]
[Result "0-1"]
[WhiteElo "2304"]
[BlackElo "2372"]
[PlyCount "104"]
[EventDate "2009.09.21"]
[EventType "team"]
[EventRounds "9"]
[EventCountry "CRO"]

1. e4 e5 2. Nf3 Nc6 3. Bb5 d6 4. c3 a6 5. Ba4 Nge7 6. d4 Bd7 7. Bb3 h6 8. Nh4
exd4 9. cxd4 Nxd4 10. Qxd4 Nc6 11. Qd5 Qxh4 12. Qxf7+ Kd8 13. Nc3 Qg4 14. O-O
Ne5 15. Qd5 Bc6 16. Qd1 Qxd1 17. Rxd1 g5 18. f3 Bg7 19. Be3 Kd7 20. Ne2 Bb5 21.
Nd4 Bc4 22. Bc2 Bf7 23. Nf5 Nc4 24. Bd4 Bxd4+ 25. Rxd4 Be6 26. Ng7 Ne5 27. Nxe6
Kxe6 28. Rc1 Ke7 29. a4 c5 30. Rd5 a5 31. Rcd1 Ra6 32. Bd3 c4 33. Be2 Rb6 34.
R1d2 Ra8 35. Kf2 Raa6 36. h4 Rb4 37. hxg5 hxg5 38. g3 Rab6 39. Rxa5 Rxb2 40.
Rxb2 Rxb2 41. Rb5 c3 42. Ke3 c2 43. Kd2 c1=Q+ 44. Kxc1 Rxe2 45. Rxb7+ Ke6 46.
Rb3 Ra2 47. f4 Nd7 48. Rb4 Nc5 49. Rb5 Nxe4 50. a5 g4 51. Rh5 d5 52. Rh6+ Nf6
0-1

[Event "18th CRO-chT(b)"]
[Site "Sibenik CRO"]
[Date "2009.09.22"]
[Round "2.36"]
[White "Vargic, Drago"]
[Black "Ivankovic, Ivo"]
[Result "0-1"]
[WhiteElo "2384"]
[BlackElo "2117"]
[PlyCount "160"]
[EventDate "2009.09.21"]
[EventType "team"]
[EventRounds "9"]
[EventCountry "CRO"]

1. e4 e6 2. d4 d5 3. Nc3 dxe4 4. Nxe4 Bd7 5. Nf3 Bc6 6. Bd3 Nd7 7. Qe2 Ngf6 8.
Neg5 Bxf3 9. Qxf3 c6 10. O-O Be7 11. Qh3 Nf8 12. c3 Nd5 13. Qh5 Bxg5 14. Bxg5
Qc7 15. f4 Ng6 16. f5 Ngf4 17. Qf3 Nxd3 18. fxe6 f6 19. Qxd3 fxg5 20. Rf7 Ne7
21. Rxg7 O-O-O 22. Rf1 Rdf8 23. Rgf7 Re8 24. c4 Qd6 25. Qe3 h6 26. d5 Kb8 27.
Rd1 cxd5 28. c5 Qd8 29. b4 Ka8 30. a4 Ng6 31. c6 Re7 32. cxb7+ Kxb7 33. a5 Qd6
34. Qd3 Nf4 35. Qb5+ Ka8 36. g3 Rb8 37. Qc5 Qxc5+ 38. bxc5 Rxf7 39. exf7 Nh3+
40. Kg2 g4 41. Rf1 Rf8 42. a6 Ng5 43. Rf4 Rxf7 44. Rxg4 Kb8 45. Rb4+ Kc8 46. c6
Rc7 47. h4 Ne6 48. Rb7 Nd8 49. Rb5 Rxc6 50. Rxd5 Rxa6 51. Kf3 Kc7 52. g4 Rd6
53. Ra5 a6 54. g5 Nb7 55. Ra1 h5 56. Rg1 Rg6 57. Kf4 Nd6 58. Ke5 Kd7 59. Kd5
Nf7 60. Ke4 Re6+ 61. Kf4 Ne5 62. Rd1+ Ke7 63. Rb1 Ng6+ 64. Kg3 Rd6 65. Rb7+ Kf8
66. Rh7 Rd3+ 67. Kf2 Nxh4 68. Rxh5 Ng6 69. Rh7 a5 70. Ra7 Rd5 71. Ke3 Ke8 72.
Ke4 Rxg5 73. Kd4 Ne7 74. Kc4 Kd8 75. Kb3 Nc6 76. Rh7 Ne7 77. Ka4 Re5 78. Rg7
Kc7 79. Rh7 Kb6 80. Rh6+ Nc6 0-1

[Event "18th CRO-chT(b)"]
[Site "Sibenik CRO"]
[Date "2009.09.22"]
[Round "2.42"]
[White "Gonda, Laszlo"]
[Black "Gagarin, Vasilij"]
[Result "1-0"]
[WhiteElo "2486"]
[BlackElo "2422"]
[PlyCount "112"]
[EventDate "2009.09.21"]
[EventType "team"]
[EventRounds "9"]
[EventCountry "CRO"]

1. d4 d5 2. c4 c6 3. Nc3 Nf6 4. Nf3 e6 5. Bg5 h6 6. Bxf6 Qxf6 7. e3 Nd7 8. Bd3
dxc4 9. Bxc4 g6 10. O-O Bg7 11. e4 e5 12. d5 Nb6 13. Bb3 Bg4 14. Rc1 O-O 15.
dxc6 bxc6 16. Qe2 Rfd8 17. Nd1 a5 18. Ne3 Bc8 19. Nc4 Nxc4 20. Bxc4 Bf8 21. h3
Bd6 22. Rc2 Bc7 23. Rfc1 Bb6 24. Bxf7+ Qxf7 25. Nxe5 Qe6 26. Rxc6 Rd6 27. Rxd6
Qxd6 28. Rc6 Qxe5 29. Rxg6+ Kh7 30. Rxb6 Be6 31. Qe3 Re8 32. Rb7+ Kg8 33. f4
Qf6 34. Qg3+ Kh8 35. e5 Qf8 36. Kh2 Re7 37. Rxe7 Qxe7 38. Qg6 Bxa2 39. Qxh6+
Kg8 40. Qg6+ Kf8 41. Qd6 Qxd6 42. exd6 Ke8 43. Kg3 Bd5 44. h4 Kd7 45. h5 Kxd6
46. h6 Be4 47. Kg4 Ke6 48. Kg5 a4 49. g4 Bh7 50. f5+ Ke5 51. Kh4 Kf6 52. Kh5
Bg8 53. g5+ Kxf5 54. g6 Kf6 55. h7 Bxh7 56. gxh7 Kg7 1-0

[Event "18th CRO-chT(b)"]
[Site "Sibenik CRO"]
[Date "2009.09.22"]
[Round "2.44"]
[White "Orak, Ljubomir"]
[Black "Jakic, Ivan"]
[Result "1-0"]
[WhiteElo "2341"]
[BlackElo "2406"]
[PlyCount "103"]
[EventDate "2009.09.21"]
[EventType "team"]
[EventRounds "9"]
[EventCountry "CRO"]

1. e4 c5 2. Nf3 d6 3. d4 cxd4 4. Nxd4 Nf6 5. Nc3 a6 6. Be2 e6 7. O-O b5 8. Bf3
Ra7 9. a4 b4 10. Na2 d5 11. exd5 Nxd5 12. c4 Nf6 13. Bf4 Nfd7 14. Qd2 Bb7 15.
Nxb4 Qb6 16. Nbc2 Bxf3 17. Nxf3 Rb7 18. Rfd1 Be7 19. Rab1 Nc6 20. Bd6 Nc5 21.
Bxe7 Rxe7 22. b4 Nxa4 23. b5 axb5 24. cxb5 Nb8 25. Qb4 Nc5 26. Ne3 O-O 27. Nc4
Qc7 28. b6 Nca6 29. bxc7 Nxb4 30. Rxb4 Rxc7 31. Ne3 Nd7 32. g3 g6 33. Rbd4 Nf6
34. Kg2 Kg7 35. Ne5 Ra8 36. N5c4 h5 37. Ne5 Ra2 38. R4d2 Ra5 39. Nf3 g5 40. h3
Ne4 41. Rb2 f5 42. Nd2 Nf6 43. Rdb1 f4 44. Rb7 Rxb7 45. Rxb7+ Kg6 46. Nec4 Rc5
47. gxf4 gxf4 48. Kf3 e5 49. Rb6 Rc7 50. Ne4 Rxc4 51. Rxf6+ Kg7 52. Rf5 1-0

[Event "18th CRO-chT(b)"]
[Site "Sibenik CRO"]
[Date "2009.09.22"]
[Round "2.45"]
[White "Stipic, Marko"]
[Black "Car, Tihomir"]
[Result "1-0"]
[WhiteElo "2223"]
[BlackElo "2260"]
[PlyCount "95"]
[EventDate "2009.09.21"]
[EventType "team"]
[EventRounds "9"]
[EventCountry "CRO"]

1. c4 g6 2. Nc3 Bg7 3. Nf3 d6 4. g3 e5 5. Bg2 Nc6 6. d3 f5 7. O-O Nf6 8. Rb1 a5
9. Nd5 h6 10. Ne1 O-O 11. a3 f4 12. gxf4 Nh5 13. fxe5 Nxe5 14. f4 Nd7 15. e3 c6
16. Nc3 Ndf6 17. Bf3 Bh3 18. Ng2 Qd7 19. Ne4 Ng4 20. Nf2 Nxf2 21. Rxf2 Nf6 22.
e4 Rac8 23. Be3 d5 24. Qc2 d4 25. Bd2 Qc7 26. Kh1 h5 27. Rg1 Kh7 28. Nh4 Ng4
29. Bxg4 hxg4 30. f5 gxf5 31. Rxf5 Rxf5 32. Nxf5 Rf8 33. Qd1 Rf6 34. Qe1 Qf7
35. Qh4+ Kg8 36. Qg5 b6 37. Bf4 Kh7 38. Qh4+ Kg8 39. Qg5 Kh7 40. Qh4+ Kg8 41.
Qg5 Kh7 42. Re1 c5 43. Kg1 Bf8 44. Be5 Re6 45. Qh4+ Rh6 46. Nxh6 Bxh6 47. Qf2
Qe7 48. Qf5+ 1-0

[Event "18th CRO-chT(b)"]
[Site "Sibenik CRO"]
[Date "2009.09.22"]
[Round "2.51"]
[White "Kosic, Dragan"]
[Black "Kazhgaleyev, Murtas"]
[Result "1/2-1/2"]
[WhiteElo "2495"]
[BlackElo "2643"]
[PlyCount "38"]
[EventDate "2009.09.21"]
[EventType "team"]
[EventRounds "9"]
[EventCountry "CRO"]

1. d4 Nf6 2. Nf3 d6 3. c3 Nbd7 4. Bg5 h6 5. Bh4 g5 6. Bg3 Nh5 7. e3 Bg7 8. Nbd2
e6 9. Ng1 Nxg3 10. hxg3 b6 11. Bd3 Bb7 12. Be4 d5 13. Bd3 Qe7 14. Qe2 a6 15.
Ngf3 c5 16. g4 b5 17. Nf1 e5 18. dxe5 Nxe5 19. Ng3 O-O-O 1/2-1/2

[Event "18th CRO-chT(b)"]
[Site "Sibenik CRO"]
[Date "2009.09.22"]
[Round "2.52"]
[White "Shchekachev, Andrei"]
[Black "Bosiocic, Marin"]
[Result "1/2-1/2"]
[WhiteElo "2539"]
[BlackElo "2571"]
[PlyCount "36"]
[EventDate "2009.09.21"]
[EventType "team"]
[EventRounds "9"]
[EventCountry "CRO"]

1. Nf3 d5 2. d4 Nc6 3. c4 Bg4 4. Nc3 e6 5. Bf4 Bd6 6. Bg3 Nf6 7. e3 O-O 8. cxd5
Nxd5 9. Be2 Nce7 10. O-O Nxc3 11. bxc3 c5 12. Qa4 Nd5 13. Rac1 Bxg3 14. hxg3
Qc7 15. Bd3 Bxf3 16. gxf3 Nxe3 17. fxe3 Qxg3+ 18. Kh1 Qh3+ 1/2-1/2

[Event "18th CRO-chT(b)"]
[Site "Sibenik CRO"]
[Date "2009.09.22"]
[Round "2.56"]
[White "Zovko, Mario"]
[Black "Sikanjic, Bojan"]
[Result "1/2-1/2"]
[WhiteElo "2197"]
[BlackElo "2170"]
[PlyCount "20"]
[EventDate "2009.09.21"]
[EventType "team"]
[EventRounds "9"]
[EventCountry "CRO"]

1. e4 c5 2. Nc3 Nc6 3. g3 g6 4. Bg2 Bg7 5. d3 d6 6. Be3 Nf6 7. h3 O-O 8. Nge2
e5 9. O-O Nd4 10. f4 Be6 1/2-1/2

[Event "18th CRO-chT(b)"]
[Site "Sibenik CRO"]
[Date "2009.09.23"]
[Round "3.11"]
[White "Kazhgaleyev, Murtas"]
[Black "Sedlak, Nikola"]
[Result "1/2-1/2"]
[WhiteElo "2643"]
[BlackElo "2571"]
[PlyCount "24"]
[EventDate "2009.09.21"]
[EventType "team"]
[EventRounds "9"]
[EventCountry "CRO"]

1. Nf3 d5 2. d4 Nf6 3. c4 c6 4. Nc3 Qb6 5. g3 dxc4 6. Bg2 g6 7. O-O Bg7 8. e4
O-O 9. Qe2 Qa6 10. g4 Bxg4 11. h3 Bxf3 12. Bxf3 e6 1/2-1/2

[Event "18th CRO-chT(b)"]
[Site "Sibenik CRO"]
[Date "2009.09.23"]
[Round "3.12"]
[White "Skoberne, Jure"]
[Black "Shchekachev, Andrei"]
[Result "1/2-1/2"]
[WhiteElo "2499"]
[BlackElo "2539"]
[PlyCount "21"]
[EventDate "2009.09.21"]
[EventType "team"]
[EventRounds "9"]
[EventCountry "CRO"]

1. e4 e5 2. Nf3 Nc6 3. Bb5 a6 4. Bxc6 dxc6 5. Nc3 f6 6. d4 exd4 7. Qxd4 Qxd4 8.
Nxd4 Bd7 9. Be3 O-O-O 10. O-O-O Ne7 11. Nce2 1/2-1/2

[Event "18th CRO-chT(b)"]
[Site "Sibenik CRO"]
[Date "2009.09.23"]
[Round "3.14"]
[White "Tomerlin, Sinisa"]
[Black "Samovojska, Damir"]
[Result "1/2-1/2"]
[WhiteElo "2313"]
[BlackElo "2307"]
[PlyCount "23"]
[EventDate "2009.09.21"]
[EventType "team"]
[EventRounds "9"]
[EventCountry "CRO"]

1. e4 e6 2. d3 d5 3. Nd2 Nf6 4. Ngf3 c5 5. g3 Nc6 6. Bg2 Be7 7. O-O b6 8. Re1
Bb7 9. c3 O-O 10. e5 Nd7 11. Nf1 b5 12. h4 1/2-1/2

[Event "18th CRO-chT(b)"]
[Site "Sibenik CRO"]
[Date "2009.09.23"]
[Round "3.16"]
[White "Dulic, Grgur"]
[Black "Zovko, Mario"]
[Result "1/2-1/2"]
[WhiteElo "2209"]
[BlackElo "2197"]
[PlyCount "26"]
[EventDate "2009.09.21"]
[EventType "team"]
[EventRounds "9"]
[EventCountry "CRO"]

1. e4 e5 2. Nf3 Nc6 3. Bb5 a6 4. Ba4 Nf6 5. O-O Nxe4 6. d4 b5 7. Bb3 d5 8. dxe5
Be6 9. c3 Bc5 10. Nbd2 O-O 11. Bc2 Nxd2 12. Qxd2 f6 13. Qd3 g6 1/2-1/2

[Event "18th CRO-chT(b)"]
[Site "Sibenik CRO"]
[Date "2009.09.23"]
[Round "3.22"]
[White "Bosiocic, Marin"]
[Black "Gonda, Laszlo"]
[Result "1-0"]
[WhiteElo "2571"]
[BlackElo "2486"]
[PlyCount "87"]
[EventDate "2009.09.21"]
[EventType "team"]
[EventRounds "9"]
[EventCountry "CRO"]

1. d4 d5 2. Nc3 Nf6 3. Bf4 e6 4. e3 a6 5. Nf3 c5 6. a3 b6 7. Bd3 Bb7 8. O-O Be7
9. Ne5 Nbd7 10. Qf3 Nxe5 11. Bxe5 O-O 12. Qg3 c4 13. Be2 b5 14. Bf3 g6 15. h4
h5 16. Bc7 Qd7 17. b4 cxb3 18. cxb3 Rfc8 19. Ba5 Bd6 20. Qh3 Qe7 21. Na2 Bc6
22. Nb4 Bd7 23. Qh1 Ng4 24. g3 Bxb4 25. Bxb4 Qf6 26. Bd1 e5 27. Qxd5 Bc6 28.
Qd6 Qf5 29. d5 Bb7 30. Bxg4 hxg4 31. Ba5 Qf3 32. Rad1 Rc2 33. e4 Qxe4 34. Rfe1
Qf3 35. Bb6 Re2 36. Rxe2 Qxe2 37. Rc1 Qd2 38. Rc6 Bxc6 39. Qxc6 Rf8 40. d6 Qe1+
41. Kh2 g5 42. h5 Kg7 43. d7 Rh8 44. h6+ 1-0